<?xml version="1.0" encoding="UTF-8"?>
<collection xmlns="http://www.loc.gov/MARC21/slim">
 <record>
  <leader>01591nam a2200325   4500</leader>
  <controlfield tag="001">DLU130147215</controlfield>
  <controlfield tag="005">##20130426</controlfield>
  <datafield tag="040" ind1="#" ind2="#">
   <subfield code="a">DLU</subfield>
   <subfield code="b">vie</subfield>
  </datafield>
  <datafield tag="041" ind1="#" ind2="#">
   <subfield code="a">vie</subfield>
  </datafield>
  <datafield tag="044" ind1="#" ind2="#">
   <subfield code="a">vn</subfield>
  </datafield>
  <datafield tag="082" ind1="#" ind2="#">
   <subfield code="a">511.8</subfield>
   <subfield code="b">NG-M</subfield>
  </datafield>
  <datafield tag="100" ind1="#" ind2="#">
   <subfield code="a">Nguyễn Hữu Mùi.</subfield>
  </datafield>
  <datafield tag="245" ind1="#" ind2="#">
   <subfield code="a">Thuật toán di truyền và ứng dụng /</subfield>
   <subfield code="c">Nguyễn Hữu Mùi.</subfield>
  </datafield>
  <datafield tag="260" ind1="#" ind2="#">
   <subfield code="a">H. :</subfield>
   <subfield code="n">Đại học Sư phạm,</subfield>
   <subfield code="c">2007.</subfield>
  </datafield>
  <datafield tag="300" ind1="#" ind2="#">
   <subfield code="a">103 tr. ;</subfield>
   <subfield code="c">21 cm.</subfield>
  </datafield>
  <datafield tag="504" ind1="#" ind2="#">
   <subfield code="a">Tài liệu tham khảo: tr.103.</subfield>
  </datafield>
  <datafield tag="505" ind1="#" ind2="#">
   <subfield code="a">Chương 1. Thuật toán di truyền cổ điển -- Chương 2. Cơ sở lí thuếyt của thuật toán di truyền cổ điển -- Chương 3. Hoạt động của thuật toán di truyền trong một bài toán tối ưu hàm -- Chương 4. Giải bài toán lập lịch Flow shop hoán vị bằng thuật toán tiến hoá -- Chương 5. Áp dụng thuật toán tiến hoá giải Bài toán người du lịch -- Chương 6. Áp dụng thuật toán tiến hoá giải Bài toán vận tải -- Chương 7. Áp dụng bài toán tiến hoá giải Bài toán thời khoá biểu.</subfield>
  </datafield>
  <datafield tag="505" ind1="#" ind2="#">
   <subfield code="a">Phụ lục A. Chương trình tìm giá trị lớn nhất của hàm tổng bình phương n biến -- Phụ lục B. Một số hàm kiểm tra cho bài toán tối ưu hàm -- Phụ lục C. Một số đề tài bài tập lớn.</subfield>
  </datafield>
  <datafield tag="650" ind1="#" ind2="#">
   <subfield code="a">Thuật toán.</subfield>
  </datafield>
  <datafield tag="923" ind1="#" ind2="#">
   <subfield code="a">08/2012</subfield>
  </datafield>
  <datafield tag="991" ind1="#" ind2="#">
   <subfield code="a">GT</subfield>
  </datafield>
  <datafield tag="992" ind1="#" ind2="#">
   <subfield code="a">12000</subfield>
  </datafield>
  <datafield tag="994" ind1="#" ind2="#">
   <subfield code="a">DLU</subfield>
  </datafield>
  <datafield tag="900" ind1="#" ind2="#">
   <subfield code="a">True</subfield>
  </datafield>
  <datafield tag="911" ind1="#" ind2="#">
   <subfield code="a">Đào Thị Thu Huyền</subfield>
  </datafield>
  <datafield tag="925" ind1="#" ind2="#">
   <subfield code="a">G</subfield>
  </datafield>
  <datafield tag="926" ind1="#" ind2="#">
   <subfield code="a">A</subfield>
  </datafield>
  <datafield tag="927" ind1="#" ind2="#">
   <subfield code="a">SH</subfield>
  </datafield>
  <datafield tag="980" ind1="#" ind2="#">
   <subfield code="a">Thư viện Trường Đại học Đà Lạt</subfield>
  </datafield>
 </record>
</collection>
